Central Library OPAC University of Rajshahi

أضواء على الحبشة /'adwa' alaa alhabashat / (Record no. 79739)

MARC details
000 -LEADER
fixed length control field 01026nam a2200253 a 4500
001 - CONTROL NUMBER
control field 79739
003 - CONTROL NUMBER IDENTIFIER
rucl marc code BD-RjUL
005 - DATE AND TIME OF LATEST TRANSACTION
control field 20220420142859.0
008 - FIXED-LENGTH DATA ELEMENTS--GENERAL INFORMATION
fixed length control field 220420s1954 ua 000 0 ara d
035 ## - SYSTEM CONTROL NUMBER
System control number (BD-RjUL)79739
040 ## - CATALOGING SOURCE
Original cataloging agency NNL
Language of cataloging ara
Transcribing agency BD-RjUL
041 ## - LANGUAGE CODE
Language code of text/sound track or separate title ara
082 ## - DEWEY DECIMAL CLASSIFICATION NUMBER
Edition number 23
Classification number 963.09
Author mark and year SHA 1954
100 1# - MAIN ENTRY--PERSONAL NAME
Personal name [Šhākir, Amīn] ; شاكر، امين
9 (RLIN) 1090
245 10 - TITLE STATEMENT
Title أضواء على الحبشة /'adwa' alaa alhabashat /
Statement of responsibility, etc. اشترك فى اعداد هذا الكتاب امين شاكر [و]سعيد العريان [و]مصطفى امين [Amīn Šākir; Saʿīd al- ʿOryān; Moṣṭafā Amīn].
260 ## - PUBLICATION, DISTRIBUTION, ETC. (IMPRINT)
Place of publication, distribution, etc. مصر :
Name of publisher, distributor, etc. دار المعارف،
Date of publication, distribution, etc. [١٩٥٤].
300 ## - PHYSICAL DESCRIPTION
Pagination ١٦٨ص.
490 1# - SERIES STATEMENT
Series statement [akhtarna lak] ; اخترنا لك ؛
Volume/sequential designation ٦
651 #4 - SUBJECT ADDED ENTRY--GEOGRAPHIC NAME
Geographic name Ethiopia
General subdivision History
9 (RLIN) 2622
700 1# - ADDED ENTRY--PERSONAL NAME
Personal name [ al- ʿOryān, Saʿīd;] العريان، سعيد
Personal name [Amīn, Moṣṭafā] امين، مصطفى
830 #0 - SERIES ADDED ENTRY--UNIFORM TITLE
Uniform title [akhtarna lak] ;اخترنا لك ؛
Volume number/sequential designation ٦.
942 ## - ADDED ENTRY ELEMENTS (KOHA)
Source of classification or shelving scheme Dewey Decimal Classification
Koha item type Books
Holdings
Lost status Source of classification or shelving scheme Damaged status Not for loan Collection code Permanent Location Current Location Shelving location Date acquired Total Checkouts Full call number Date last seen Copy number Koha item type
  Dewey Decimal Classification   Not For Loan Non-fiction Central Library, University of Rajshahi Central Library, University of Rajshahi Reading Room 20/04/2022   A 963.09 SHA 1954 20/04/2022 C-1 Books